000 00588nam a2200181Ia 4500
008 100920s9999 xx 000 0 und d
082 _b24737
_a891.464 थ 70
100 _aकाणेकर अनंत.
245 _aनिवडक गणूकाका.
260 _bकुलकणीॅ ग्रंथगार, पुणे 30.
_c1970
300 _a84
_bसाधी
365 _b2
520 _aनिबंध.
630 _aनिवडक गणूकाका.
650 _aनिबंध.
730 _aनिवडक गणूकाका.
942 _cBOOK
999 _c682996
_d682993